000 00370nam a2200109Ia 4500
008 171204s9999 xx 000 0 und d
245 _aDynamic E-Business Implementation Management: (E-Business Solutions)
245 _cBennet Lientz and Kathryn Rea
260 _c2015
650 _xE-Business/Multimedia Solutions
856 _uhttp://down.ebook777.com/049/0124499805.pdf
999 _c347148
_d347148